Sébastien (Registro nro. 170019)
[ vista simple ]
| 000 -LEADER | |
|---|---|
| campo de control de longitud fija | 00699nam a2200205 i 4500 |
| 001 - NÚMERO DE CONTROL | |
| campo de control | 170019 |
| 003 - IDENTIFICADOR DE NÚMERO DE CONTROL | |
| campo de control | ES-MaACL |
| 005 - FECHA Y HORA DE LA ÚLTIMA TRANSACCIÓN | |
| campo de control | 20260511145843.0 |
| 008 - DATOS DE LONGITUD FIJA--INFORMACIÓN GENERAL | |
| campo de control de longitud fija | 090113s1949 fr |||| | fre d |
| 080 ## - NÚMERO DE LA CLASIFICACIÓN DECIMAL UNIVERSAL | |
| Número de la Clasificación Decimal Universal | 821.133.1-293 |
| 100 ## - ENTRADA PRINCIPAL--NOMBRE DE PERSONA | |
| Nombre de persona | Troyat, Henri, |
| Fechas asociadas al nombre | 1911-2007 |
| 9 (RLIN) | 233580 |
| 245 10 - MENCIÓN DEL TÍTULO | |
| Título | Sébastien |
| Resto del título | : comédie en trois actes / |
| Mención de responsabilidad, etc. | Henri Troyat. |
| 260 ## - PUBLICACIÓN, DISTRIBUCIÓN, ETC. | |
| Lugar de publicación, distribución, etc. | Paris : |
| Nombre del editor, distribuidor, etc. | [s.n.], |
| Fecha de publicación, distribución, etc. | 1949 ( |
| Fabricante | Persan-Beaumont) |
| 300 ## - DESCRIPCIÓN FÍSICA | |
| Extensión | 40 p. ; |
| Dimensiones | 27 cm. |
| 490 1# - MENCIÓN DE SERIE | |
| Mención de serie | Opera : supplément théatral ; |
| Designación de volumen o secuencia | 4 |
| 500 ## - NOTA GENERAL | |
| Nota general | Cubierta il. con fot. |
| 830 0# - PUNTO DE ACCESO ADICIONAL DE SERIE-TÍTULO UNIFORME | |
| Título uniforme | Opera : supplément théatral ; |
| Designación de volumen o secuencia | 4 |
| 9 (RLIN) | 188914 |
| 852 4# - LOCALIZACIÓN | |
| Ubicación | ES-MaACL |
| Número de control de estantería | E-12381(2) |
| itemnumber | R.140532 |
| Nota libre | . - Biblioteca Jacinto Martínez Lacalle |
| Estatus retirado | Estado de pérdida | Estado de daño | No para préstamo | Biblioteca de origen | Biblioteca actual | Ubicación en estantería | Fecha de adquisición | Fuente de adquisición | Total de préstamos | Signatura topográfica completa | Código de barras | Visto por última vez | Precio de reemplazo | Tipo de ítem Koha |
|---|---|---|---|---|---|---|---|---|---|---|---|---|---|---|
| Biblioteca del Ateneo de Madrid | Biblioteca del Ateneo de Madrid | Depósito 2 | 13/01/2009 | E-12381(2) | 1178491 | 23/02/2023 | 23/02/2023 | Libro impreso |
